Simulation of burst test for all-steel pneumatic truck tire (Record no. 68728)

MARC details
000 -LEADER
fixed length control field 01224nam a2200193Ia 4500
100 ## - MAIN ENTRY--AUTHOR NAME
Personal name Pelc J
245 #0 - TITLE STATEMENT
Title Simulation of burst test for all-steel pneumatic truck tire
260 ## - PUBLICATION, DISTRIBUTION, ETC. (IMPRINT)
Name of publisher Kautschuk Gummi Kunststoffe
Year of publication 2013
300 ## - PHYSICAL DESCRIPTION
Number of Pages 47-51
520 ## - SUMMARY, ETC.
Summary, etc The possibility of applying the technique of overlaying orthotropic reinforcement elements, described with Halpin-Tsai equations, on isotropic rubber elements for simulation of a burst test for an all- steel truck tire was examined.The results of a simulation when treating rubber as an incompressible and nearly incompressible material and when taking into account and abandoning analysis of tyre contact with the rim are also presented. The proposed technique provides a stable computational model and ensures convergent solutions for high tyre inflation pressures. The application of a displacement finite element method (FEM) formulation with a Blatz-Ko rubber model proved more suitable in the case of fixing of tire beads to the wheel rim.
650 ## - SUBJECT ADDED ENTRY--TOPICAL TERM
Topical Term Burst test
650 ## - SUBJECT ADDED ENTRY--TOPICAL TERM
Topical Term Cord
650 ## - SUBJECT ADDED ENTRY--TOPICAL TERM
Topical Term Finite element method
650 ## - SUBJECT ADDED ENTRY--TOPICAL TERM
Topical Term Incompressibility
650 ## - SUBJECT ADDED ENTRY--TOPICAL TERM
Topical Term Rubber
650 ## - SUBJECT ADDED ENTRY--TOPICAL TERM
Topical Term Tire
942 ## - ADDED ENTRY ELEMENTS (KOHA)
Koha item type Journals
Holdings
Withdrawn status Lost status Damaged status Not for loan Home library Current library Shelving location Date acquired Serial Enumeration / chronology Koha item type
      Journals RRII Library RRII Library Agronomy 17/10/2013 Volume 9, Issue 13 Journals